000 00346nam a2200145Ia 4500
008 230312s9999||||xx |||||||||||||| ||und||
020 _a81-219-1114-1
082 _a005.15
_bSHA-T
100 _aSharma;P,C
245 0 _aTextbook of Production Technology
260 _bSharma
_aIndia
_c1996
300 _a822
650 _aEngineering
942 _cBK
999 _c4804
_d4804